000 00313nam a2200133 i 4500
001 bg
100 1 _aLITWIN, Romuald
245 0 _aTeoria pola elektromagnetycznego /
_cRomuald Litwin.
260 _aWarszawa,
_c1968.
040 _cBPK
041 _apol
942 _cKS
008 s pl f |000 0 pol
999 _c7136
_d7136
856 _uhttp://koha.tu.koszalin.pl/cgi-bin/koha/opac-detail.pl?biblionumber=7136
_yKatalog online BPK